000 00883nam a2200277Ia 4500
001 Para_1367
003 CHAP
008 220125s1999 xx 000 0 und d
010 _a200075
040 _cCHAP
090 _aPA TESIS 1308
100 _aMonterrubio Velasco, María Teresa
_977845
245 _aControl químico de la maleza en brocolí /
_c por María Teresa Monterrubio Velasco
260 _aChapingo, Méx. :
_b El autor
300 _a36 h.
502 _aTesis (Ing. Agr. Esp. en Parasitología Agrícola), UACh. Depto. Parasitología
650 _aBrocolí
_x malas hierbas
_x control
_915541
710 _aUACh. Departamento de Parasitología Agrícola
_9115877
901 _aPA TESIS 1308
902 _aA
905 _a0000001999 0000000000 00
910 _a1999
942 _cPARA
942 _cPARA
_d1
999 _c200075
_d200075